Aspek-aspek kesenian Islam

Bibliographic Details
Main Author: MANJA Mohd. Ludin
Format: Book
Published: K. L. : DBP , 1995
Subjects:

MARC

LEADER 00000cam a2200000 7i4500
001 0000005687
005 20040108.0
008 030702s1995
020 |a 9836240845 
090 0 0 |a 709.17671 MAN 
100 1 |a MANJA Mohd. Ludin. 
245 1 0 |a Aspek-aspek kesenian Islam   |c oleh Manja Mohd. Ludin dan Ahmad Suhaimi Hj. Mohd. Nor [  |h [bok]] 
260 |a K. L. :   |b DBP ,   |c 1995 
300 |a xxvi,193p. :   |b ill ;   |c 21.5cm. 
650 0 0 |a Art, Islamic. 
650 0 0 |a Seni -   |x Islam. 
999 |a 38077   |b Buku   |c Rak Terbuka   |e Perpustakaan Cawangan Jasin